000 00539nam a2200217Ia 4500
005 20230317142237.0
008 230125s9999 xx 000 0 und d
020 _a978-81-317-3158-1
041 _aeng
082 _a338.09
_bFER
100 _aFernando A C
_9108064
245 _aBusiness Environment
260 _c2011
_bPearson Education
_aNew Delhi
300 _a663p
500 _aBusiness Environment
650 _aEconomics
700 _aFernando A C
_9108064
906 _b120
942 _cBK
999 _c84873
_d84873